000 00698nam a2200241 a 4500
005 20231020063934.0
008 030320s1998 mx r 000 0 spa d
020 _a8433969641
035 _aUPN01000123141
040 _aUPN
_bspa
_cUPN
049 _aCG
050 4 _aPS3570 H6.2
_bD5.28
100 1 _aThompson, Hunter S.
_947071
245 1 3 _aEl diario del ron /
_cHunter S. Thompson ; tr. Jesús Zulaika.
260 _aBarcelona, Esp. :
_bAnagrama,
_c1998.
300 _a278 p.
440 0 _aPanorama de narrativas ;
_v504
534 _pTraducción de:
_tThe Rum Diary
650 4 _aNovela estadounidense
_ySiglo XX
_916200
902 _acps/MITM
905 _aLibro
942 _2lcc
_cLIBRO
999 _c95322
_d95322